| 000 | 00645cab a2200193 4500 | ||
|---|---|---|---|
| 001 | ABS39085 | ||
| 008 | 090401t1988 xxu||||| |||| 00| 0 eng d | ||
| 035 | _a(Sirsi) u14331 | ||
| 041 | _aeng | ||
| 100 | _aHome, R. | ||
| 245 | _aInterpreting the 1987 Use Classes Order | ||
| 260 | _c1988 | ||
| 350 | _a0 | ||
| 490 |
_aValuer (ISVA) _v57(3) April 1988, 104-105(2) |
||
| 520 | _aLooks at the effects of the new Use Classes Order on values . It looks in detail at three classes Food and Drink Class A3 , Dwellinghouses Class C3 and Assembly and Leisure Class D2 . | ||
| 690 | _aPLANNING LAW AND PRACTICE | ||
| 942 | _n0 | ||
| 948 | _c04/03/1997 | ||
| 999 |
_c9321 _d9321 |
||